Handbook of clinical neurology: Volume 46 (Record no. 1323)

000 -LEADER
fixed length control field 03257nam a22007697a 4500
001 - CONTROL NUMBER
control field 5518778
003 - CONTROL NUMBER IDENTIFIER
control field LIBRIS
005 - DATE AND TIME OF LATEST TRANSACTION
control field 20241031114840.0
008 - FIXED-LENGTH DATA ELEMENTS--GENERAL INFORMATION
fixed length control field 011211s1985 ne |||||||||||000 0|eng|c
020 ## - INTERNATIONAL STANDARD BOOK NUMBER
International Standard Book Number 0444903577
020 ## - INTERNATIONAL STANDARD BOOK NUMBER
International Standard Book Number 0720472008
Qualifying information hela verket
020 ## - INTERNATIONAL STANDARD BOOK NUMBER
International Standard Book Number 0444904042
020 ## - INTERNATIONAL STANDARD BOOK NUMBER
International Standard Book Number 0444903572
040 ## - CATALOGING SOURCE
Original cataloging agency C
Description conventions a
Language of cataloging eng
Transcribing agency DLC
041 ## - LANGUAGE CODE
Language code of text/sound track or separate title eng
080 ## - UNIVERSAL DECIMAL CLASSIFICATION NUMBER
Universal Decimal Classification number 616.8
Item number V-69
082 #4 - DEWEY DECIMAL CLASSIFICATION NUMBER
Classification number 616.9
Item number 92
082 #4 - DEWEY DECIMAL CLASSIFICATION NUMBER
Classification number 616.9
Item number 92
084 ## - OTHER CLASSIFICATION NUMBER
Classification number Veba
Number source kssb/8 (machine generated)
084 ## - OTHER CLASSIFICATION NUMBER
Classification number Vef
Number source kssb/5
084 ## - OTHER CLASSIFICATION NUMBER
Classification number Vef
Number source kssb/6
100 ## - MAIN ENTRY--PERSONAL NAME
9 (RLIN) 806
Personal name Vinken, J., P.
Relator term Editor
245 00 - TITLE STATEMENT
Title Handbook of clinical neurology: Volume 46
Number of part/section of a work Neurobehavioural disorders /
Name of part/section of a work this vol. has been co-edited by J.A.M. Frederiks.
Statement of responsibility, etc. / by: Elsevier Science Publishing CO., Inc
260 ## - PUBLICATION, DISTRIBUTION, ETC.
Place of publication, distribution, etc. New York
Name of publisher, distributor, etc. Elsevier Science Publishing CO., Inc
Date of publication, distribution, etc. 1985
300 ## - PHYSICAL DESCRIPTION
Extent 696 p.
Other physical details ill.
650 #2 - SUBJECT ADDED ENTRY--TOPICAL TERM
Topical term or geographic name entry element Nervous system diseases
650 #0 - SUBJECT ADDED ENTRY--TOPICAL TERM
Topical term or geographic name entry element Neurology
9 (RLIN) 100
650 #2 - SUBJECT ADDED ENTRY--TOPICAL TERM
Topical term or geographic name entry element Organic mental disorders
650 #7 - SUBJECT ADDED ENTRY--TOPICAL TERM
Topical term or geographic name entry element Spine
Source of heading or term BNB
650 #7 - SUBJECT ADDED ENTRY--TOPICAL TERM
Topical term or geographic name entry element man
Source of heading or term BNB
650 #2 - SUBJECT ADDED ENTRY--TOPICAL TERM
Topical term or geographic name entry element Nervous system diseases
650 #2 - SUBJECT ADDED ENTRY--TOPICAL TERM
Topical term or geographic name entry element Nervous system disorders
650 #2 - SUBJECT ADDED ENTRY--TOPICAL TERM
Topical term or geographic name entry element Neuropsychology
650 #2 - SUBJECT ADDED ENTRY--TOPICAL TERM
Topical term or geographic name entry element Organic mental disorders
650 #2 - SUBJECT ADDED ENTRY--TOPICAL TERM
Topical term or geographic name entry element Nervous system disorders
650 #2 - SUBJECT ADDED ENTRY--TOPICAL TERM
Topical term or geographic name entry element Neuropsychology
650 #2 - SUBJECT ADDED ENTRY--TOPICAL TERM
Topical term or geographic name entry element Organic mental disorders
650 #2 - SUBJECT ADDED ENTRY--TOPICAL TERM
Topical term or geographic name entry element Neurology: handbooks
650 #2 - SUBJECT ADDED ENTRY--TOPICAL TERM
Topical term or geographic name entry element Nervous system diseases: handbooks
653 ## - INDEX TERM--UNCONTROLLED
Uncontrolled term ნევროლოგია
653 ## - INDEX TERM--UNCONTROLLED
Uncontrolled term ნერვული სისტემის დაავადებები
653 ## - INDEX TERM--UNCONTROLLED
Uncontrolled term ხერხემალი
700 1# - ADDED ENTRY--PERSONAL NAME
Personal name Vinken, Pierre J.
Relator term unspecifiedContributor
Relationship oth
Authority record control number or standard number https://libris.kb.se/42gjk28n3g11g1m#it
700 1# - ADDED ENTRY--PERSONAL NAME
Personal name Bruyn, George W.
Relator term unspecifiedContributor
Relationship oth
700 1# - ADDED ENTRY--PERSONAL NAME
Personal name Klawans, Harold L.
Relator term unspecifiedContributor
Relationship oth
700 1# - ADDED ENTRY--PERSONAL NAME
Personal name Frederiks, J. A. M.
Relator term unspecifiedContributor
Relationship oth
740 0# - ADDED ENTRY--UNCONTROLLED RELATED/ANALYTICAL TITLE
Uncontrolled related/analytical title Neurobehavioural disorders
772 00 - SUPPLEMENT PARENT ENTRY
Control subfield nn
Title Handbook of clinical neurology
Qualifying information editors: Pierre J. Vinken, George W. Bruyn, Harold L. Klawans
Place, publisher, and date of publication Amsterdam : Elsevier, 1968-
International Standard Book Number 0-7204-7200-8
Record control number 0720472008
887 ## - NON-MARC INFORMATION FIELD
Content of non-MARC field {"@id":"xf71qm785ptq1x5","modified":"2008-10-06T10:31:42+02:00","checksum":"47120070573"}
Source of data librisxl
887 ## - NON-MARC INFORMATION FIELD
Content of non-MARC field {"@id":"jntg98hp0q9z5wq","modified":"2018-06-05T18:08:56.824+02:00","checksum":"89432881499"}
Source of data librisxl
887 ## - NON-MARC INFORMATION FIELD
Content of non-MARC field {"@id":"kpvhb9jq47xfjc4","modified":"2020-03-06T12:54:25.555+01:00","checksum":"67842417651"}
Source of data librisxl
887 ## - NON-MARC INFORMATION FIELD
Content of non-MARC field {"@id":"mrxkdcls1tc2m19","modified":"2015-08-10T15:32:11+02:00","checksum":"71913717051"}
Source of data librisxl
887 ## - NON-MARC INFORMATION FIELD
Content of non-MARC field {"@id":"nszlfdmt0w237cr","modified":"2018-02-21T13:17:34+01:00","checksum":"77170983339"}
Source of data librisxl
900 1s - EQUIVALENCE OR CROSS-REFERENCE-PERSONAL NAME [LOCAL, CANADA]
Linkage 700
Affiliation Vinken, Pierre J.
942 ## - ADDED ENTRY ELEMENTS (KOHA)
Source of classification or shelving scheme
Koha item type Books
Holdings
Withdrawn status Lost status Source of classification or shelving scheme Damaged status Not for loan Permanent location Current location Date acquired Inventory number Total Checkouts Full call number Barcode Date last seen Price effective from Koha item type
          Ken Walker International University Ken Walker International University 02/10/2021 2274   616.8 V-69 2274 02/10/2021 02/10/2021 Books

Powered by Koha